000 00407nam a22001697a 4500
005 20160628160346.0
008 160628b xxu||||| |||| 00| 0 eng d
020 _a81-7014-658-5
041 _aeng
082 _b10953
100 _aSharma, Dr. D.D.
_91925
245 _aMarketing Research
260 _a New Delhi
_bSultan Chand & Sons,
_c2004
300 _a532
650 _aManagement
_9241
942 _cBK
999 _c4555
_d4554